| 000 | 00443nam a22001817a 4500 | ||
|---|---|---|---|
| 003 | MPLRDC | ||
| 005 | 20220104114122.0 | ||
| 008 | 210129b ||||| |||| 00| 0 eng d | ||
| 020 | _a957-754-090-2 | ||
| 082 | _a782.886 ZYR | ||
| 100 | _a徐浩然、赵子循 著 | ||
| 245 |
_a章亚若新传 _c |
||
| 250 | _a初版 | ||
| 260 |
_a _b国际村文库书店 _c1994 |
||
| 300 | _b平 | ||
| 650 | _a章亚若传记 | ||
| 942 |
_cBK _o782.886 ZYR |
||
| 999 |
_c4964 _d4954 |
||